Malaysian stamp duty handbook

Bibliographic Details
Main Author: Arjunan Subramaniam (Author)
Format: Book
Language:English
Published: Petaling Jaya, Selangor : Thomson Reuters Malaysia Sdn Bhd 2014
Edition:Fifth edition
Subjects:

MARC

LEADER 00000cam a2200000 7i4500
001 0000028453
005 20241122.0
008 190423 my eng
020 |a 9789670498881 
040 |a INS   |b eng   |e rda 
090 0 0 |a HJ5455.6   |b A74 2014 
100 1 |a Arjunan Subramaniam ,   |e author 
245 1 0 |a Malaysian stamp duty handbook   |c Arjunan Subramaniam 
250 |a Fifth edition 
264 1 |a Petaling Jaya, Selangor :   |b Thomson Reuters Malaysia Sdn Bhd   |c 2014 
300 |a xxi, 180 pages ;   |c 24 cm. 
336 |a text  |2 rdacontent 
337 |a unmediated  |2 rdamedia 
338 |a volume  |2 rdacarrier 
500 |a Includes index 
650 0 |a Internal revenue   |z Malaysia 
650 0 |a Stamp duties   |z Malaysia 
650 0 |a Taxation   |x Law 
999 |a 1000003676   |b BOOK   |c Open Shelf   |e Default branch